[Event "DEM U10w 2021"]
[Site "Willingen GER"]
[Date "2021.08.26"]
[Round "6"]
[White "Peglau, Lorena"]
[Black "Bakó, Isabella"]
[Result "0-1"]
[Termination "normal"]
[Board "4"]
[WhiteElo "1005"]
[BlackElo "1173"]
[WhiteClock "01:10:38"]
[BlackClock "00:52:01"]
[PlyCount "104"]
[WhiteFideId "16290542"]
[BlackFideId "16287266"]
[EventCountry "GER"]
[EventRounds "11"]
[EventType "swiss"]
[EventDate "2021.08.22"]

1. d4 {[%clk 01:15:57]} {[%emt 00:00:03]} d5 {[%clk 01:15:55]} {[%emt
00:00:05]} 2. c4 {[%clk 01:16:18]} {[%emt 00:00:08]} e6 {[%clk 01:16:14]}
{[%emt 00:00:11]} 3. Nc3 {[%clk 01:16:33]} {[%emt 00:00:15]} Be7 {[%clk
01:16:01]} {[%emt 00:00:43]} 4. Nf3 {[%clk 01:16:40]} {[%emt 00:00:24]} Nf6
{[%clk 01:16:07]} {[%emt 00:00:23]} 5. Bg5 {[%clk 01:16:58]} {[%emt 00:00:12]}
b6 {[%clk 01:15:59]} {[%emt 00:00:39]} 6. cxd5 {[%clk 01:16:58]} {[%emt
00:00:29]} exd5 {[%clk 01:14:39]} {[%emt 00:01:51]} 7. e3 {[%clk 01:16:04]}
{[%emt 00:01:23]} Bb7 {[%clk 01:14:37]} {[%emt 00:00:33]} 8. Bd3 {[%clk
01:15:44]} {[%emt 00:00:49]} Nbd7 {[%clk 01:14:17]} {[%emt 00:00:50]} 9. O-O
{[%clk 01:15:53]} {[%emt 00:00:21]} O-O {[%clk 01:13:47]} {[%emt 00:01:00]} 10.
Qe2 {[%clk 01:15:23]} {[%emt 00:01:00]} c5 {[%clk 01:10:45]} {[%emt 00:03:33]}
11. dxc5 {[%clk 01:15:15]} {[%emt 00:00:38]} Nxc5 {[%clk 01:09:39]} {[%emt
00:01:36]} 12. Rfd1 {[%clk 01:14:17]} {[%emt 00:01:27]} Qc7 {[%clk 01:02:33]}
{[%emt 00:07:34]} 13. Rac1 {[%clk 01:12:54]} {[%emt 00:01:56]} Nxd3 {[%clk
00:59:37]} {[%emt 00:03:26]} 14. Qxd3 {[%clk 01:12:01]} {[%emt 00:01:22]} Rac8
{[%clk 00:58:13]} {[%emt 00:01:53]} 15. Bxf6 {[%clk 01:11:49]} {[%emt
00:00:43]} Bxf6 {[%clk 00:58:29]} {[%emt 00:00:13]} 16. Nxd5 {[%clk 01:12:11]}
{[%emt 00:00:09]} Qxc1 {[%clk 00:57:45]} {[%emt 00:01:16]} 17. Nxf6+ {[%clk
01:08:18]} {[%emt 00:04:22]} gxf6 {[%clk 00:57:55]} {[%emt 00:00:19]} 18. b3
{[%clk 01:07:36]} {[%emt 00:01:13]} Ba6 {[%clk 00:55:10]} {[%emt 00:03:15]} 19.
Qb1 {[%clk 01:05:49]} {[%emt 00:02:16]} Qxb1 {[%clk 00:55:02]} {[%emt
00:00:39]} 20. Rxb1 {[%clk 01:04:45]} {[%emt 00:01:33]} Rc2 {[%clk 00:54:52]}
{[%emt 00:00:38]} 21. a4 {[%clk 01:04:58]} {[%emt 00:00:20]} Rfc8 {[%clk
00:54:55]} {[%emt 00:00:26]} 22. h3 {[%clk 01:05:00]} {[%emt 00:00:29]} Rc1+
{[%clk 00:55:17]} {[%emt 00:00:08]} 23. Rxc1 {[%clk 01:05:20]} {[%emt
00:00:09]} Rxc1+ {[%clk 00:55:43]} {[%emt 00:00:05]} 24. Kh2 {[%clk 01:05:46]}
{[%emt 00:00:04]} Rb1 {[%clk 00:53:35]} {[%emt 00:02:38]} 25. Nd2 {[%clk
01:06:03]} {[%emt 00:00:14]} Rb2 {[%clk 00:53:53]} {[%emt 00:00:12]} 26. Ne4
{[%clk 01:06:11]} {[%emt 00:00:21]} Kg7 {[%clk 00:53:55]} {[%emt 00:00:28]} 27.
Nd6 {[%clk 01:06:08]} {[%emt 00:00:33]} Rxf2 {[%clk 00:52:38]} {[%emt
00:01:45]} 28. Kg3 {[%clk 01:06:05]} {[%emt 00:00:34]} Rb2 {[%clk 00:52:47]}
{[%emt 00:00:20]} 29. Ne8+ {[%clk 01:06:30]} {[%emt 00:00:06]} Kg6 {[%clk
00:51:41]} {[%emt 00:01:36]} 30. Nc7 {[%clk 01:06:38]} {[%emt 00:00:23]} Bc8
{[%clk 00:51:21]} {[%emt 00:00:49]} 31. Nd5 {[%clk 01:06:41]} {[%emt 00:00:27]}
Be6 {[%clk 00:51:34]} {[%emt 00:00:20]} 32. Nc3 {[%clk 01:06:57]} {[%emt
00:00:11]} Rxb3 {[%clk 00:51:41]} {[%emt 00:00:24]} 33. Ne2 {[%clk 01:07:17]}
{[%emt 00:00:10]} Rxe3+ {[%clk 00:51:20]} {[%emt 00:00:50]} 34. Kf2 {[%clk
01:07:37]} {[%emt 00:00:10]} Ra3 {[%clk 00:51:39]} {[%emt 00:00:12]} 35. Nf4+
{[%clk 01:07:55]} {[%emt 00:00:12]} Kf5 {[%clk 00:51:57]} {[%emt 00:00:10]} 36.
Ne2 {[%clk 01:08:04]} {[%emt 00:00:22]} Rxa4 {[%clk 00:51:59]} {[%emt
00:00:28]} 37. g4+ {[%clk 01:08:26]} {[%emt 00:00:09]} Kg5 {[%clk 00:52:18]}
{[%emt 00:00:11]} 38. Ng1 {[%clk 01:08:36]} {[%emt 00:00:20]} Kf4 {[%clk
00:51:49]} {[%emt 00:00:59]} 39. Ne2+ {[%clk 01:08:54]} {[%emt 00:00:11]} Kg5
{[%clk 00:51:59]} {[%emt 00:00:19]} 40. Ng1 {[%clk 01:09:17]} {[%emt 00:00:09]}
Ra2+ {[%clk 00:51:05]} {[%emt 00:01:25]} 41. Kg3 {[%clk 01:09:23]} {[%emt
00:00:22]} Bd5 {[%clk 00:50:57]} {[%emt 00:00:38]} 42. h4+ {[%clk 01:09:22]}
{[%emt 00:00:31]} Kg6 {[%clk 00:50:45]} {[%emt 00:00:40]} 43. h5+ {[%clk
01:09:32]} {[%emt 00:00:23]} Kh6 {[%clk 00:49:50]} {[%emt 00:01:25]} 44. Nh3
{[%clk 01:09:16]} {[%emt 00:00:45]} Ra3+ {[%clk 00:49:52]} {[%emt 00:00:29]}
45. Kh4 {[%clk 01:09:28]} {[%emt 00:00:17]} Rxh3+ {[%clk 00:49:59]} {[%emt
00:00:23]} 46. Kxh3 {[%clk 01:09:44]} {[%emt 00:00:15]} a5 {[%clk 00:50:23]}
{[%emt 00:00:06]} 47. Kg3 {[%emt 00:00:24]} a4 {[%clk 00:50:48]} {[%emt
00:00:04]} 48. Kh4 {[%clk 01:10:03]} {[%emt 00:00:18]} a3 {[%clk 00:51:03]}
{[%emt 00:00:15]} 49. Kh3 {[%clk 01:10:22]} {[%emt 00:00:10]} a2 {[%clk
00:51:29]} {[%emt 00:00:05]} 50. Kg3 {[%clk 01:10:32]} {[%emt 00:00:20]} a1=Q
{[%clk 00:51:50]} {[%emt 00:00:09]} 51. Kh4 {[%clk 01:10:46]} {[%emt 00:00:16]}
Qa2 {[%clk 00:52:01]} {[%emt 00:00:19]} 52. g5+ {[%clk 01:10:38]} {[%emt
00:00:38]} fxg5+ {[%emt 00:01:54]} 0-1

[Event "DEM U10w 2021"]
[Site "Willingen GER"]
[Date "2021.08.26"]
[Round "6"]
[White "Mehner, Clara"]
[Black "Leicher, Anna"]
[Result "1-0"]
[Termination "normal"]
[Board "5"]
[WhiteElo "1159"]
[BlackElo "1249"]
[WhiteClock "00:49:58"]
[BlackClock "00:51:20"]
[PlyCount "59"]
[WhiteFideId "34612165"]
[BlackFideId "34614966"]
[EventCountry "GER"]
[EventRounds "11"]
[EventType "swiss"]
[EventDate "2021.08.22"]

1. e4 {[%clk 01:15:57]} {[%emt 00:00:02]} e5 {[%clk 01:15:51]} {[%emt
00:00:09]} 2. Nf3 {[%clk 01:16:21]} {[%emt 00:00:07]} Nc6 {[%clk 01:16:09]}
{[%emt 00:00:11]} 3. Bc4 {[%clk 01:16:39]} {[%emt 00:00:12]} Bc5 {[%clk
01:16:32]} {[%emt 00:00:06]} 4. O-O {[%clk 01:16:52]} {[%emt 00:00:19]} Nf6
{[%clk 01:16:51]} {[%emt 00:00:10]} 5. d4 {[%clk 01:17:02]} {[%emt 00:00:21]}
exd4 {[%clk 01:16:30]} {[%emt 00:00:49]} 6. e5 {[%clk 01:16:54]} {[%emt
00:00:39]} d5 {[%clk 01:16:09]} {[%emt 00:00:51]} 7. exf6 {[%clk 01:16:51]}
{[%emt 00:00:33]} dxc4 {[%clk 01:16:12]} {[%emt 00:00:25]} 8. fxg7 {[%clk
01:16:45]} {[%emt 00:00:38]} Kd7 {[%clk 01:15:59]} {[%emt 00:01:44]} 9. gxh8=Q
{[%clk 01:18:46]} {[%emt 00:00:26]} Qxh8 {[%clk 01:16:13]} {[%emt 00:00:13]}
10. Nbd2 {[%clk 01:17:46]} {[%emt 00:01:34]} b6 {[%clk 01:15:55]} {[%emt
00:00:47]} 11. Nxc4 {[%clk 01:16:20]} {[%emt 00:01:56]} Ba6 {[%clk 01:16:06]}
{[%emt 00:00:18]} 12. b3 {[%clk 01:15:31]} {[%emt 00:01:21]} b5 {[%clk
01:15:40]} {[%emt 00:00:54]} 13. Ne3 {[%clk 01:14:31]} {[%emt 00:01:30]} Kc8
{[%clk 01:15:14]} {[%emt 00:00:37]} 14. Bb2 {[%clk 01:13:16]} {[%emt 00:02:04]}
Qd8 {[%clk 01:12:59]} {[%emt 00:02:40]} 15. Nf5 {[%clk 01:08:55]} {[%emt
00:04:55]} Qd5 {[%clk 01:12:32]} {[%emt 00:00:54]} 16. N3xd4 {[%clk 01:05:45]}
{[%emt 00:03:46]} Bxd4 {[%clk 01:11:26]} {[%emt 00:01:34]} 17. Nxd4 {[%clk
01:05:19]} {[%emt 00:00:58]} Nxd4 {[%clk 01:10:41]} {[%emt 00:01:12]} 18. Bxd4
{[%clk 01:05:11]} {[%emt 00:00:40]} Bb7 {[%clk 01:10:39]} {[%emt 00:00:32]} 19.
f3 {[%clk 01:02:22]} {[%emt 00:03:19]} Qg5 {[%emt 00:02:03]} 20. Kh1 {[%clk
01:00:22]} {[%emt 00:01:24]} c5 {[%clk 01:09:52]} {[%emt 00:00:51]} 21. Bf2
{[%clk 00:59:02]} {[%emt 00:01:47]} Qf5 {[%clk 01:08:57]} {[%emt 00:01:16]} 22.
Bh4 {[%clk 00:58:02]} {[%emt 00:01:37]} f6 {[%clk 01:08:45]} {[%emt 00:00:44]}
23. Bg3 {[%clk 00:57:44]} {[%emt 00:00:48]} Bc6 {[%clk 01:08:15]} {[%emt
00:01:02]} 24. Qd6 {[%clk 00:56:29]} {[%emt 00:01:44]} Qd7 {[%emt 00:04:46]}
25. Qxc5 {[%clk 00:53:59]} {[%emt 00:02:12]} Kb7 {[%clk 00:54:59]} {[%emt
00:10:18]} 26. Rfe1 {[%clk 00:52:11]} {[%emt 00:02:15]} Qd5 {[%clk 00:50:51]}
{[%emt 00:04:39]} 27. Re7+ {[%clk 00:50:24]} {[%emt 00:02:18]} Ka6 {[%clk
00:51:01]} {[%emt 00:00:19]} 28. Qa3+ {[%clk 00:50:10]} {[%emt 00:00:43]} Kb6
{[%clk 00:51:16]} {[%emt 00:00:18]} 29. Bf2+ {[%clk 00:50:09]} {[%emt
00:00:30]} Qc5 {[%clk 00:51:20]} {[%emt 00:00:28]} 30. Bxc5# {[%clk 00:49:58]}
{[%emt 00:00:10]} 1-0

[Event "DEM U10w 2021"]
[Site "Willingen GER"]
[Date "2021.08.26"]
[Round "6"]
[White "Ramakrishnan, Veda"]
[Black "Xiao, Yiyi"]
[Result "0-1"]
[Termination "normal"]
[Board "6"]
[WhiteElo "1009"]
[BlackElo "1368"]
[WhiteClock "00:22:14"]
[BlackClock "01:10:15"]
[PlyCount "46"]
[WhiteFideId "16269519"]
[BlackFideId "34605665"]
[EventCountry "GER"]
[EventRounds "11"]
[EventType "swiss"]
[EventDate "2021.08.22"]

1. e4 {[%clk 01:15:30]} {[%emt 18:31:49]} e5 {[%clk 01:15:52]} {[%emt
00:00:13]} 2. f4 {[%clk 01:16:24]} {[%emt 00:00:06]} exf4 {[%clk 01:16:12]}
{[%emt 00:00:09]} 3. Nf3 {[%clk 01:16:45]} {[%emt 00:00:10]} g5 {[%clk
01:16:26]} {[%emt 00:00:16]} 4. h4 {[%clk 01:16:55]} {[%emt 00:00:20]} g4
{[%clk 01:16:48]} {[%emt 00:00:08]} 5. Ne5 {[%clk 01:17:16]} {[%emt 00:00:08]}
Qe7 {[%clk 01:17:08]} {[%emt 00:00:10]} 6. Nc3 {[%clk 01:17:15]} {[%emt
00:00:32]} Qxe5 {[%clk 01:17:04]} {[%emt 00:00:33]} 7. Qxg4 {[%clk 01:16:36]}
{[%emt 00:01:09]} Nf6 {[%clk 01:16:53]} {[%emt 00:00:42]} 8. Qf3 {[%clk
01:16:45]} {[%emt 00:00:21]} Nc6 {[%clk 01:16:58]} {[%emt 00:00:25]} 9. Bb5
{[%clk 01:16:11]} {[%emt 00:01:04]} Nd4 {[%clk 01:16:38]} {[%emt 00:00:50]} 10.
Qd3 {[%clk 01:15:07]} {[%emt 00:01:33]} Bc5 {[%clk 01:15:54]} {[%emt 00:01:15]}
11. b3 {[%clk 01:14:06]} {[%emt 00:01:31]} c6 {[%clk 01:14:49]} {[%emt
00:01:35]} 12. Bc4 {[%clk 01:12:32]} {[%emt 00:02:04]} d5 {[%clk 01:14:46]}
{[%emt 00:00:32]} 13. Kd1 {[%clk 01:05:08]} {[%emt 00:07:54]} Bg4+ {[%clk
01:13:22]} {[%emt 00:01:54]} 14. Ke1 {[%clk 01:04:47]} {[%emt 00:00:51]} dxe4
{[%clk 01:12:34]} {[%emt 00:01:17]} 15. Nxe4 {[%clk 00:54:36]} {[%emt
00:10:42]} Nxe4 {[%clk 01:11:32]} {[%emt 00:01:01]} 16. c3 {[%clk 00:27:09]}
{[%emt 00:28:28]} Ng3+ {[%clk 01:10:12]} {[%emt 00:01:49]} 17. Kf2 {[%clk
00:26:44]} {[%emt 00:00:55]} Nf3+ {[%clk 01:09:27]} {[%emt 00:01:15]} 18. Qe3
{[%emt 00:02:35]} fxe3+ {[%emt 00:00:34]} 19. dxe3 {[%clk 00:23:29]} {[%emt
00:00:38]} Nxh1+ {[%clk 01:09:43]} {[%emt 00:00:14]} 20. Kf1 {[%emt 00:01:13]}
Qg3 {[%emt 00:00:15]} 21. Ke2 {[%clk 00:21:50]} {[%emt 00:00:40]} Ne5+ {[%clk
01:09:42]} {[%emt 00:00:28]} 22. Kd2 {[%clk 00:21:58]} {[%emt 00:00:25]} Qf2+
{[%clk 01:10:00]} {[%emt 00:00:13]} 23. Be2 {[%clk 00:22:14]} {[%emt 00:00:13]}
Qxe2# {[%clk 01:10:15]} {[%emt 00:00:15]} 0-1

[Event "DEM U10w 2021"]
[Site "Willingen GER"]
[Date "2021.08.26"]
[Round "6"]
[White "Kühne, Malin"]
[Black "Baihaghi, Aryana"]
[Result "0-1"]
[Termination "normal"]
[Board "7"]
[WhiteElo "938"]
[BlackElo "1265"]
[WhiteClock "00:15:11"]
[BlackClock "00:44:38"]
[PlyCount "58"]
[WhiteFideId "34619747"]
[BlackFideId "34604960"]
[EventCountry "GER"]
[EventRounds "11"]
[EventType "swiss"]
[EventDate "2021.08.22"]

1. e4 {[%clk 01:15:58]} {[%emt 00:00:02]} e5 {[%clk 01:15:56]} {[%emt
00:00:05]} 2. Nf3 {[%clk 01:16:20]} {[%emt 00:00:07]} Nc6 {[%clk 01:16:21]}
{[%emt 00:00:06]} 3. Bc4 {[%clk 01:16:35]} {[%emt 00:00:15]} Nf6 {[%clk
01:16:34]} {[%emt 00:00:17]} 4. d3 {[%clk 01:16:48]} {[%emt 00:00:17]} h6
{[%clk 01:16:54]} {[%emt 00:00:10]} 5. Be3 {[%clk 01:17:03]} {[%emt 00:00:14]}
Be7 {[%clk 01:16:04]} {[%emt 00:01:20]} 6. Nc3 {[%clk 01:17:02]} {[%emt
00:00:31]} d6 {[%clk 01:15:43]} {[%emt 00:00:52]} 7. O-O {[%clk 01:16:13]}
{[%emt 00:01:18]} O-O {[%clk 01:16:09]} {[%emt 00:00:05]} 8. Re1 {[%clk
01:16:04]} {[%emt 00:00:38]} Be6 {[%clk 01:15:49]} {[%emt 00:00:51]} 9. Bb3
{[%clk 01:13:45]} {[%emt 00:02:49]} Ng4 {[%clk 01:12:06]} {[%emt 00:04:13]} 10.
h3 {[%clk 01:12:54]} {[%emt 00:01:20]} Nxe3 {[%clk 01:11:42]} {[%emt 00:00:55]}
11. Rxe3 {[%clk 01:13:06]} {[%emt 00:00:17]} Nd4 {[%clk 01:11:18]} {[%emt
00:00:54]} 12. Re1 {[%clk 01:07:20]} {[%emt 00:06:16]} Nxb3 {[%clk 01:10:29]}
{[%emt 00:01:20]} 13. axb3 {[%clk 01:07:24]} {[%emt 00:00:25]} f5 {[%clk
01:10:23]} {[%emt 00:00:36]} 14. exf5 {[%clk 01:00:34]} {[%emt 00:07:20]} Bxf5
{[%clk 01:10:40]} {[%emt 00:00:13]} 15. Nd5 {[%clk 01:00:18]} {[%emt 00:00:47]}
c6 {[%clk 01:09:24]} {[%emt 00:01:47]} 16. Nxe7+ {[%clk 01:00:08]} {[%emt
00:00:39]} Qxe7 {[%clk 01:09:50]} {[%emt 00:00:03]} 17. d4 {[%clk 00:58:22]}
{[%emt 00:02:17]} Rad8 {[%clk 01:08:38]} {[%emt 00:01:41]} 18. Rxa7 {[%clk
00:55:36]} {[%emt 00:03:16]} Rf7 {[%clk 01:05:55]} {[%emt 00:03:14]} 19. Qc1
{[%clk 00:50:05]} {[%emt 00:06:00]} Qf6 {[%clk 01:05:15]} {[%emt 00:01:10]} 20.
dxe5 {[%clk 00:48:12]} {[%emt 00:02:24]} dxe5 {[%clk 01:00:44]} {[%emt
00:05:00]} 21. Nxe5 {[%clk 00:43:36]} {[%emt 00:05:07]} Rff8 {[%clk 00:57:30]}
{[%emt 00:03:45]} 22. Rxb7 {[%clk 00:38:07]} {[%emt 00:05:58]} Bxh3 {[%clk
00:53:09]} {[%emt 00:04:50]} 23. Nf3 {[%clk 00:30:55]} {[%emt 00:07:42]} Bg4
{[%clk 00:52:09]} {[%emt 00:01:30]} 24. Re3 {[%clk 00:28:33]} {[%emt 00:02:52]}
Qg6 {[%clk 00:50:15]} {[%emt 00:02:24]} 25. Ne5 {[%clk 00:21:18]} {[%emt
00:07:45]} Qg5 {[%clk 00:46:41]} {[%emt 00:04:04]} 26. Nxg4 {[%clk 00:19:52]}
{[%emt 00:01:53]} Qxg4 {[%clk 00:46:46]} {[%emt 00:00:28]} 27. Rg3 {[%clk
00:20:00]} {[%emt 00:00:21]} Rd1+ {[%clk 00:44:41]} {[%emt 00:02:36]} 28. Qxd1
{[%clk 00:14:49]} {[%emt 00:05:41]} Qxd1+ {[%clk 00:44:47]} {[%emt 00:00:24]}
29. Kh2 {[%clk 00:15:11]} {[%emt 00:00:08]} g5 {[%clk 00:44:38]} {[%emt
00:00:39]} 0-1

[Event "DEM U10w 2021"]
[Site "Willingen GER"]
[Date "2021.08.26"]
[Round "6"]
[White "Kovalskyy, Alicia"]
[Black "Fruth, Julia"]
[Result "1-0"]
[Termination "normal"]
[Board "8"]
[WhiteElo "1078"]
[BlackElo "1007"]
[WhiteClock "00:59:53"]
[BlackClock "00:29:04"]
[PlyCount "49"]
[WhiteFideId "34612130"]
[BlackFideId "34603050"]
[EventCountry "GER"]
[EventRounds "11"]
[EventType "swiss"]
[EventDate "2021.08.22"]

1. e4 {[%clk 01:15:58]} {[%emt 00:00:02]} c5 {[%clk 01:15:51]} {[%emt
00:00:10]} 2. Nf3 {[%clk 01:16:25]} {[%emt 00:00:02]} d6 {[%clk 01:16:02]}
{[%emt 00:00:17]} 3. d4 {[%clk 01:16:52]} {[%emt 00:00:04]} cxd4 {[%clk
01:16:11]} {[%emt 00:00:21]} 4. Nxd4 {[%clk 01:17:16]} {[%emt 00:00:06]} Nf6
{[%clk 01:16:32]} {[%emt 00:00:10]} 5. Nc3 {[%clk 01:17:36]} {[%emt 00:00:10]}
a6 {[%clk 01:16:54]} {[%emt 00:00:07]} 6. Be3 {[%clk 01:17:46]} {[%emt
00:00:20]} e5 {[%clk 01:14:51]} {[%emt 00:02:34]} 7. Nf3 {[%clk 01:17:34]}
{[%emt 00:00:42]} Be7 {[%clk 01:14:31]} {[%emt 00:00:47]} 8. Bc4 {[%clk
01:16:32]} {[%emt 00:01:35]} O-O {[%clk 01:14:20]} {[%emt 00:00:40]} 9. O-O
{[%clk 01:16:28]} {[%emt 00:00:34]} Be6 {[%clk 01:13:08]} {[%emt 00:01:41]} 10.
Bb3 {[%clk 01:14:39]} {[%emt 00:02:21]} Nbd7 {[%clk 01:13:01]} {[%emt
00:00:36]} 11. Ng5 {[%clk 01:12:11]} {[%emt 00:02:58]} Ng4 {[%clk 01:03:19]}
{[%emt 00:10:09]} 12. Nxe6 {[%clk 01:10:16]} {[%emt 00:02:29]} Nxe3 {[%clk
00:59:03]} {[%emt 00:04:45]} 13. fxe3 {[%clk 01:10:32]} {[%emt 00:00:15]} fxe6
{[%clk 00:58:28]} {[%emt 00:01:06]} 14. Rxf8+ {[%clk 01:07:40]} {[%emt
00:03:20]} Bxf8 {[%clk 00:58:37]} {[%emt 00:00:22]} 15. Bxe6+ {[%clk 01:07:30]}
{[%emt 00:00:40]} Kh8 {[%clk 00:58:54]} {[%emt 00:00:10]} 16. Qf3 {[%clk
01:07:08]} {[%emt 00:00:53]} Nb6 {[%clk 00:50:10]} {[%emt 00:09:15]} 17. Nd5
{[%clk 01:06:26]} {[%emt 00:01:13]} Be7 {[%clk 00:45:17]} {[%emt 00:05:10]} 18.
Rf1 {[%clk 01:05:22]} {[%emt 00:01:44]} Nxd5 {[%clk 00:44:28]} {[%emt
00:01:21]} 19. exd5 {[%clk 01:04:54]} {[%emt 00:00:58]} Qc7 {[%clk 00:37:33]}
{[%emt 00:07:24]} 20. Bf5 {[%clk 00:59:04]} {[%emt 00:06:21]} Qc5 {[%clk
00:33:41]} {[%emt 00:04:23]} 21. Qh3 {[%clk 00:58:44]} {[%emt 00:00:49]} g6
{[%clk 00:32:34]} {[%emt 00:01:37]} 22. Bxg6 {[%clk 00:59:00]} {[%emt
00:00:14]} Bh4 {[%clk 00:30:04]} {[%emt 00:03:01]} 23. Qxh4 {[%clk 00:59:13]}
{[%emt 00:00:18]} Qc7 {[%clk 00:28:42]} {[%emt 00:01:50]} 24. Rf7 {[%clk
00:59:29]} {[%emt 00:00:15]} Qxf7 {[%clk 00:29:04]} {[%emt 00:00:08]} 25. Bxf7
{[%clk 00:59:53]} {[%emt 00:00:06]} 1-0